| 000 | 01092 a2200253 4500 | ||
|---|---|---|---|
| 005 | 20260327162936.0 | ||
| 008 | 260327b |||||||| |||| 00| 0 eng d | ||
| 020 | _a9788193802267 (pbk) | ||
| 037 | _cTB | ||
| 040 |
_aCRL _cCRL |
||
| 041 |
_2hin _ahin _hmal |
||
| 084 |
_aO32,1x 152Q8 _qCRL |
||
| 100 |
_aआशान, कुमारन _9862998 |
||
| 245 | _aपरित्यक्ता के आँसू | ||
| 260 |
_aदिल्ली, भारत: _bसस्ता साहित्य प्रकाशन मण्डल, _c2018. |
||
| 300 | _a58पृ. | ||
| 365 |
_b80.00 _cINR |
||
| 546 | _aTranslated from Malayalam to Hindi | ||
| 650 |
_aमलयालम कविता _91232009 |
||
| 650 |
_aमलयालम साहित्य _91232010 |
||
| 700 |
_aचतुर्वेदी, सुधांशु _eअनुवादक _91232011 |
||
| 942 |
_cTB _2CC _hO32,1x 152Q8 |
||
| 999 |
_c1467286 _d1467286 |
||